Ứng dụng phương pháp số giải phương trình tích phân Fredholm

Ứng dụng phương pháp số giải phương trình tích phân Fredholm

Сохранить в:
Библиографические подробности
Главный автор: Trần Thị Thanh Tâm
Другие авторы: Phan Đức Tuấn (Hướng dẫn)
Формат:
Опубликовано: Đà Nẵng Đại học Sư phạm, Đại học Đà Nẵng 2012
Предметы:
Метки: Добавить метку
Нет меток, Требуется 1-ая метка записи!
Thư viện lưu trữ: Mạng thư viện Đại học Đà Nẵng
LEADER 01571nam a2200337 4500
001 000017470
003 13888
005 20130418090419.0
008 130418s2012 sd
082 |a 515.45  |b TR-T 
100 1 |a Trần Thị Thanh Tâm 
245 |a Ứng dụng phương pháp số giải phương trình tích phân Fredholm  |c Trần Thị Thanh Tâm ; Phan Đức Tuấn hướng dẫn  |k Khóa luận tốt nghiệp 
260 |a Đà Nẵng  |b Đại học Sư phạm, Đại học Đà Nẵng  |c 2012 
300 |a 47 tr.  |c 29 cm.  |e Đĩa CD, bản tóm tắt 
500 |a Khóa luận tốt nghiệp đại học. Chuyên ngành: Cử nhân Toán tin 
504 |a Mục lục đầu trang, tài liệu tham khảo tr. 73 - 74, phụ lục [13 tr.] 
520 |a Ứng dụng phương pháp số giải phương trình tích phân Fredholm 
600 1 4 |b Vua  |c Đinh Tiên Hoàng 
650 0 4 |a Tích phân Fredholm  |v Khóa luận tốt nghiệp  |x Ứng dụng 
653 |a Phương pháp số  |a Tích phân Fredholm  |a Khoa Toán 
700 |a Phan Đức Tuấn  |e Hướng dẫn 
OWN |a LSP 
AVA |a UDN50  |b LSP  |d 515.45 TR-T  |e available  |t Error 5001 Not defined in file expand_doc_bib_avail.  |f 1  |g 0  |h N  |i 0  |k 1 
999 |a From the UDN01 
AVA |a UDN50  |b LSP  |d 515.45 TR-T  |e available  |t Error 5001 Not defined in file expand_doc_bib_avail.  |f 1  |g 0  |h N  |i 0  |k 1 
TYP |a Monograph 
TYP |a Printed language 
980 |a Mạng thư viện Đại học Đà Nẵng